Statistics for Football Teams Alexander Sørloth Played For

Click here to take the quiz!

General Stats

  • This quiz has been taken 10 times
  • The average score is 7 of 10

Answer Stats

LeagueYearsTeam% Correct
Germany2020-2021RB Leipzig
88%
Spain2021-2023Real Sociedad
88%
England2018-2019Crystal Palace
75%
Belgium2019KAA Gent
75%
Norway2013-2015Rosenborg BK
75%
Denmark2017-2018FC Midtjylland
63%
Norway2015FK Bodø/Glimt
63%
Spain2023-Villarreal CF
63%
Netherlands2016-2017FC Groningen
50%
Turkey2019-2020Trabzonspor
50%

Score Distribution

Percentile by Number Answered

Percent of People with Each Score

Your Score History

You have not taken this quiz